000
00307nam a22001457a 4500
008
221121b ||||| |||| 00| 0 eng d
020
_a
0226080889
041
_a
eng
080
_a
51
082
_a
51BUR
100
_a
22.2
101
_a
MATE
245
_a
CHANCE CAUSE REASON
_c
BURKS A
942
_2
udc
_c
BK
999
_c
58976
_d
58976